Loading...
Sampoojyanaaya adhyakshan /
| Main Author: | |
|---|---|
| Format: | Printed Book |
| Language: | Malayalam |
| Published: |
Kottayam :
S.P.C.S. ,
1988.
|
| Subjects: |
| LEADER | 00498nam a2200157Ia 4500 | ||
|---|---|---|---|
| 008 | 150624b xxu||||| |||| 00| h mal d | ||
| 082 | |a 857.5N2 | ||
| 100 | |a Nair, C. P. | ||
| 245 | |c C. P. Nair |a Sampoojyanaaya adhyakshan / | ||
| 260 | |a Kottayam : |b S.P.C.S. , |c 1988. | ||
| 300 | |a 98 p. | ||
| 546 | |a In Malayalam. | ||
| 650 | |v Humor | ||
| 942 | |c BK | ||
| 999 | |c 81694 |d 81694 | ||
| 952 | |0 0 |1 0 |4 0 |6 857_000000000000000_5N2_SAM_M |7 0 |9 81638 |a UL |b UL |c ST1 |d 1998-08-28 |l 0 |o 857.5N2 SAM M |p 61291 |r 2012-10-27 |w 2012-10-27 |y BK | ||